000 00286nam a2200121 i 4500
001 bg
245 0 _aProgress in nuclear energy health physics. Vol.1 Part 1.
260 _aOxford,
_c1969.
040 _cBPK
041 _apol
942 _cKS
008 s pl f |000 0 pol
999 _c14036
_d14036
856 _uhttp://koha.tu.koszalin.pl/cgi-bin/koha/opac-detail.pl?biblionumber=14036
_yKatalog online BPK